| 000 | 00470nam a2200157 u 4500 | ||
|---|---|---|---|
| 001 | 000021173 | ||
| 005 | 20200930011244.0 | ||
| 008 | 100901s1968 ho r 000 m spa d | ||
| 040 |
_aDO-SdBNP _bspa _cBNPHU |
||
| 082 |
_axxx _bT843c |
||
| 100 | 1 |
_aTróchez, Raúl Gilberto _d1917-2000 _944264 |
|
| 245 | 1 | 0 |
_aPoemas y cuentos / _cRaúl Gilberto Tróchez. |
| 260 |
_aTegucigalpa : _bMinisterio de Educación Pública, _c1968. |
||
| 300 |
_a193 p. ; _c22 cm. |
||
| 049 | _aBNGR | ||
| 999 |
_c20674 _d20674 |
||